Identify the Tollywood Film #2 - Statistics

General Stats
  • This quiz has been taken 146 times
  • The average score is 9 of 16
Answer Stats
Picture Hint Answer % Correct
Release Year: 2022 Sita Ramam
88%
Release Year: 2012 Gabbar Singh
79%
Release Year: 2021 Vakeel Saab
76%
Release Year: 2004 Sye
74%
Release Year: 2023 Dasara
72%
Release Year: 2021 Jathi Ratnalu
72%
Release Year: 2010 Orange
72%
Release Year: 2020 Sarileru Neekevvaru
65%
Release Year: 2021 LoveStory
62%
Release Year: 2020 Ala Vaikunthapuramulo
60%
Release Year: 2020 Bheeshma
51%
Release Year: 2014 1 Nenokkadine
50%
Release Year: 2023 Ravanasura
40%
Release Year: 2023 Waltair Veerayya
33%
Release Year: 2017 Vunnadhi Okate Zindagi
31%
Release Year: 1999 Devi
8%
No matching quizzes found
Score Distribution
Percent of People with Each Score
Percentile by Number Answered
Your Score History
You have not taken this quiz